| 000 | 00335nam a22001337a 4500 | ||
|---|---|---|---|
| 008 | 250303b |||||||| |||| 00| 0 eng d | ||
| 020 | _a9781328282 | ||
| 050 |
_aHD1425 _b.E36 |
||
| 100 | _aAKINYEMI, A. D | ||
| 245 | _aEconomic Co-Orporation between Nigeria and | ||
| 260 |
_aLagos _bKofo Abayomi _c1986 |
||
| 300 | _a210p. | ||
| 942 | _cBK | ||
| 999 |
_c2034 _d2034 |
||